[Event "GER-ch 92nd"]
[Site "Magdeburg"]
[Date "2021.07.25"]
[Round "1"]
[White "Biastoch, Bennet"]
[Black "Roseneck, Jonas"]
[Result "0-1"]
[WhiteElo "2266"]
[BlackElo "2401"]
[EventDate "2021.07.25"]
[PlyCount "142"]

1. e4 e5 2. Nf3 Nc6 3. Bc4 Nf6 4. d3 h6 5. c3 d6 6. a4 g5 7. Na3 Bg7 8. Nc2 Ne7 9. Ne3 Ng6 10. Qb3 O-O 11. h4 g4 12. h5 Nf4 13. Nh4 c6 14. Ng6 d5 15. exd5 cxd5 16. Nxd5 N6xd5 17. Nxf8 Nb6 18. Bxf4 Nxc4 19. Qxc4 exf4 20. Ng6 Qe8+ 21. Kf1 Be6 22. Qe4 fxg6 23. Re1 Bf7 24. Qxb7 Qd8 25. d4 Rb8 26. Qe4 Qg5 27. hxg6 Bxg6 28. Qe2 Kh7 29. b4 Rc8 30. Qd2 Qf5 31. Kg1 Bf6 32. a5 h5 33. f3 gxf3 34. gxf3 Bf7 35. Kf2 Rg8 36. Reg1 Re8 37. Rg4 Bg5 38. d5 Re3 39. Rg2 Qf6 40. Rc1 Bh4+ 41. Kg1 Qe5 42. d6 Bg6 43. d7 Rd3 44. Qc2 Rd6 45. Qe2 Qe3+ 46. Qxe3 fxe3 47. b5 Bd8 48. c4 Bxa5 49. Ra2 Bd8 50. Rxa7 e2 51. Kf2 Bb6+ 52. Kxe2 Bd3+ 53. Ke1 Bxa7 54. c5 Rxd7 55. b6 Bxb6 56. cxb6 Ba6 57. Kf2 Bb7 58. Kg3 Kg6 59. Rc5 Rd3 60. Kh4 Rd4+ 61. Kg3 Rb4 62. f4 Rxb6 63. Kh4 Bf3 64. f5+ Kf6 65. Rc3 Bg4 66. Rb3 Rd6 67. Rd3 Ke5 68. Re3+ Kxf5 69. Rd3 Re6 70. Re3 Kf6 71. Rxe6+ Kxe6 0-1

[Event "GER-ch 92nd"]
[Site "Magdeburg"]
[Date "2021.07.25"]
[Round "1"]
[White "Braun, Georg"]
[Black "Laux, Dominik"]
[Result "1/2-1/2"]
[WhiteElo "2375"]
[BlackElo "2085"]
[EventDate "2021.07.25"]
[PlyCount "130"]

1. e4 c5 2. Nf3 d6 3. Bb5+ Bd7 4. Bxd7+ Qxd7 5. c4 Nf6 6. Nc3 g6 7. d4 cxd4 8. Qxd4 Bg7 9. O-O Nc6 10. Qd3 Ng4 11. Bd2 O-O 12. b3 f5 13. Rac1 f4 14. Ng5 Bd4 15. Nf3 Nge5 16. Nxe5 dxe5 17. Qf3 Bc5 18. Rfd1 Nd4 19. Qh3 Qxh3 20. gxh3 Rad8 21. Kg2 Rd7 22. Rb1 Ne6 23. Nd5 Ng5 24. b4 Bd4 25. f3 e6 26. Nc3 Rc8 27. c5 b6 28. cxb6 axb6 29. Be1 Rdc7 30. Ne2 Rc2 31. Bd2 Be3 32. Bxe3 Rxe2+ 33. Bf2 Rcc2 34. Rf1 Rxa2 35. h4 Nh3 36. Kxh3 Rxf2 37. Rxf2 Rxf2 38. Rc1 h5 39. Rc3 Kf7 40. b5 Kf6 41. Ra3 g5 42. hxg5+ Kxg5 43. Rd3 Kf6 44. Rc3 Rb2 45. Rd3 Rxb5 46. Kh4 Rb2 47. h3 Re2 48. Kxh5 Re3 49. Rd6 Rxf3 50. h4 Re3 51. Rxb6 Rxe4 52. Kg4 Re3 53. h5 Rg3+ 54. Kh4 Rg1 55. Rb8 e4 56. h6 e3 57. h7 Kf5 58. Rf8+ Ke4 59. h8=Q Rh1+ 60. Kg4 Rxh8 61. Rxh8 e2 62. Rh1 e5 63. Rb1 Ke3 64. Rb5 e4 65. Rb1 Kf2 1/2-1/2

[Event "GER-ch 92nd"]
[Site "Magdeburg"]
[Date "2021.07.25"]
[Round "1"]
[White "Colbow, Collin"]
[Black "Matthes, Aaron"]
[Result "1-0"]
[WhiteElo "2353"]
[BlackElo "2035"]
[EventDate "2021.07.25"]
[PlyCount "107"]

1. Nf3 d5 2. g3 Nf6 3. Bg2 Bf5 4. O-O e6 5. d3 Nbd7 6. Nbd2 Be7 7. Re1 h6 8. e4 dxe4 9. dxe4 Bg4 10. b3 Ne5 11. Bb2 Nxf3+ 12. Nxf3 Bxf3 13. Qxf3 c6 14. Rad1 Qc7 15. Rd4 Rd8 16. Rxd8+ Qxd8 17. Rd1 Qc7 18. e5 Nd7 19. Qd3 Nb6 20. a4 a5 21. Bc3 Nd5 22. Bxd5 exd5 23. e6 O-O 24. Qe2 Bc5 25. Re1 fxe6 26. Qxe6+ Qf7 27. Qxf7+ Rxf7 28. Re2 b6 29. Kg2 Rc7 30. Re8+ Kf7 31. Rb8 Rd7 32. Be5 d4 33. Rc8 d3 34. cxd3 Rxd3 35. Rxc6 Rxb3 36. Rc7+ Ke6 37. Bxg7 Ra3 38. Rc6+ Kf7 39. Be5 h5 40. Bd6 Rxa4 41. Bxc5 bxc5 42. Rxc5 h4 43. f4 Ra2+ 44. Kh3 a4 45. Kxh4 Rxh2+ 46. Kg5 a3 47. Ra5 a2 48. g4 Rb2 49. f5 Rc2 50. Ra7+ Ke8 51. Kg6 Rg2 52. g5 Rb2 53. f6 Rf2 54. Kg7 1-0

[Event "GER-ch 92nd"]
[Site "Magdeburg"]
[Date "2021.07.25"]
[Round "1"]
[White "Dyballa, Gerhard"]
[Black "Ehmann, Thilo"]
[Result "0-1"]
[WhiteElo "1960"]
[BlackElo "2342"]
[EventDate "2021.07.25"]
[PlyCount "100"]

1. c4 c5 2. Nc3 Nf6 3. g3 d5 4. cxd5 Nxd5 5. Bg2 Nc7 6. Nf3 Nc6 7. O-O e5 8. a3 Rb8 9. Rb1 f6 10. b4 cxb4 11. axb4 Bxb4 12. Qc2 Be6 13. Rd1 O-O 14. e3 a5 15. d4 exd4 16. Nxd4 Nxd4 17. exd4 Nd5 18. Nxd5 Bxd5 19. Bd2 Bxd2 20. Rxd2 Bxg2 21. Kxg2 Qd5+ 22. f3 b5 23. Qe4 Rfd8 24. Kf2 b4 25. Qxd5+ Rxd5 26. Ke3 b3 27. Kd3 a4 28. Kc3 Ra5 29. Kb2 a3+ 30. Ka1 Kf7 31. Rd3 Rab5 32. d5 Ke7 33. d6+ Kd7 34. f4 f5 35. h3 h5 36. g4 hxg4 37. hxg4 fxg4 38. Rg3 Kxd6 39. Rxg4 R8b7 40. Rg6+ Kd5 41. Ra6 b2+ 42. Ka2 Rb3 43. Ra5+ Ke4 44. Ra4+ Kd3 45. Rd1+ Kc2 46. Rb1 Rd7 47. Rc4+ Rc3 48. Re4 Kd2 49. Ree1 Rc1 50. Rbxc1 bxc1=Q 0-1

[Event "GER-ch 92nd"]
[Site "Magdeburg"]
[Date "2021.07.25"]
[Round "1"]
[White "Enders, Peter"]
[Black "Dobrikov, Marco"]
[Result "0-1"]
[WhiteElo "2447"]
[BlackElo "2311"]
[EventDate "2021.07.25"]
[PlyCount "102"]

1. b3 e5 2. Bb2 Nc6 3. e3 Nf6 4. Nf3 d6 5. d4 e4 6. Nfd2 d5 7. c4 Ne7 8. Nc3 c6 9. Qc2 a6 10. h3 Be6 11. O-O-O Nf5 12. Kb1 Bd6 13. Ka1 O-O 14. Be2 b5 15. Rhg1 Ra7 16. g4 Nh4 17. c5 Bb8 18. g5 Ne8 19. f3 exf3 20. Nxf3 Nxf3 21. Bxf3 f5 22. h4 Re7 23. Qg2 Bc8 24. Rge1 Nc7 25. Re2 b4 26. Na4 a5 27. Bc1 Ba6 28. Rc2 Qe8 29. Nb6 Kh8 30. a3 Rxe3 31. Bxe3 Qxe3 32. axb4 axb4 33. Be2 Nb5 34. Bxb5 Bxb5 35. Ka2 Rf7 36. Qd2 Qxd2 37. Rcxd2 Bg3 38. h5 f4 39. Rg1 Re7 40. Kb2 Re1 41. Rgg2 Bh4 42. Rdf2 Bxf2 43. Rxf2 Re2+ 44. Rxe2 Bxe2 45. Kc2 Bxh5 46. Kd2 h6 47. gxh6 g5 48. Nd7 g4 49. Nf6 g3 50. Ke1 Bd1 51. Kf1 Bxb3 0-1

[Event "GER-ch 92nd"]
[Site "Magdeburg"]
[Date "2021.07.25"]
[Round "1"]
[White "Feuerstack, Aljoscha"]
[Black "Voege, Tobias"]
[Result "1-0"]
[WhiteElo "2473"]
[BlackElo "2324"]
[EventDate "2021.07.25"]
[PlyCount "55"]

1. e4 c5 2. Nf3 Nc6 3. d4 cxd4 4. Nxd4 g6 5. c4 Bg7 6. Be3 Nf6 7. Nc3 O-O 8. Be2 d6 9. O-O Nxd4 10. Bxd4 a5 11. b3 Bd7 12. Qc2 Bc6 13. Rad1 Qc8 14. Rfe1 b5 15. cxb5 Bxe4 16. Qd2 Bb7 17. Na4 Ne4 18. Qe3 e5 19. Bb2 Qc7 20. Ba3 Rfd8 21. f3 Nf6 22. Qb6 Qxb6+ 23. Nxb6 d5 24. Nxa8 Bxa8 25. b6 Nd7 26. Bd6 Bb7 27. Bb5 Bf8 28. Bc7 1-0

[Event "GER-ch 92nd"]
[Site "Magdeburg"]
[Date "2021.07.25"]
[Round "1"]
[White "Geue, Niklas"]
[Black "Belezky, Alexander"]
[Result "1/2-1/2"]
[WhiteElo "2121"]
[BlackElo "2377"]
[EventDate "2021.07.25"]
[PlyCount "81"]

1. d4 Nf6 2. c4 e6 3. Nc3 Bb4 4. Qc2 O-O 5. Nf3 d5 6. Bg5 Nbd7 7. e3 h6 8. Bh4 c6 9. Bd3 Qe7 10. Ne5 dxc4 11. Bxc4 Nxe5 12. dxe5 Qc5 13. exf6 Qxc4 14. fxg7 Kxg7 15. Bg3 Rd8 16. Rd1 Bxc3+ 17. Qxc3+ Qxc3+ 18. bxc3 Rxd1+ 19. Kxd1 c5 20. Ke2 Bd7 21. Rb1 Bc6 22. f3 Rd8 23. e4 f6 24. Bc7 Rd7 25. Bb8 b6 26. Rd1 Rb7 27. Bf4 e5 28. Be3 Bb5+ 29. Kf2 Rd7 30. Rxd7+ Bxd7 31. f4 Ba4 32. fxe5 fxe5 33. Bd2 Bc2 34. Ke3 b5 35. Be1 a5 36. a3 Kf7 37. g4 Bd1 38. h3 Kg6 39. Bg3 Kf6 40. Bh4+ Ke6 41. Be1 1/2-1/2

[Event "GER-ch 92nd"]
[Site "Magdeburg"]
[Date "2021.07.25"]
[Round "1"]
[White "Hess, Max"]
[Black "Nguyen, Alex Dac Vuong"]
[Result "0-1"]
[WhiteElo "2413"]
[BlackElo "2298"]
[EventDate "2021.07.25"]
[PlyCount "126"]

1. e4 c6 2. d4 d5 3. exd5 cxd5 4. Nf3 Nc6 5. Bb5 Nf6 6. Ne5 Bd7 7. Nxd7 Qxd7 8. c3 e6 9. Nd2 Bd6 10. O-O O-O 11. Bd3 Qc7 12. g3 Rfe8 13. Nf3 a6 14. Re1 b5 15. a3 h6 16. Kg2 Nd7 17. Qe2 Rab8 18. Be3 Na5 19. Rad1 Nc4 20. Bc1 f5 21. Qc2 Rbc8 22. Re2 Nf6 23. Rde1 Kf7 24. Ng1 a5 25. Nh3 b4 26. axb4 axb4 27. Bf4 bxc3 28. bxc3 Rcd8 29. Bxd6 Rxd6 30. Nf4 g5 31. Bxf5 gxf4 32. Bg6+ Kf8 33. Bxe8 f3+ 34. Kxf3 Nxe8 35. Kg2 Qf7 36. Qa4 Kg7 37. Rd1 Nf6 38. Rd3 Qd7 39. Qa8 Qe8 40. Qa7+ Qd7 41. Qb8 Qe8 42. Qa7+ Qd7 43. Qa1 Rc6 44. Rf3 Nd6 45. Ra2 Nde4 46. Re3 Ng4 47. Rd3 Ngf6 48. f3 Nd6 49. Re3 Kf7 50. g4 Rc7 51. Rae2 Nc4 52. Rxe6 Qxe6 53. Rxe6 Kxe6 54. Qc1 h5 55. Qh6 Rh7 56. Qg6 hxg4 57. fxg4 Ne3+ 58. Kg3 Nexg4 59. h3 Ne3 60. Qd3 Ne4+ 61. Kh2 Rxh3+ 62. Kg1 Rh1+ 63. Kxh1 Nf2+ 0-1

[Event "GER-ch 92nd"]
[Site "Magdeburg"]
[Date "2021.07.25"]
[Round "1"]
[White "Koelle, Tobias"]
[Black "Krassowizkij, Jaroslaw"]
[Result "1/2-1/2"]
[WhiteElo "2312"]
[BlackElo "2448"]
[EventDate "2021.07.25"]
[PlyCount "80"]

1. d4 Nf6 2. c4 e6 3. Nf3 Bb4+ 4. Nbd2 b6 5. a3 Bxd2+ 6. Qxd2 Bb7 7. e3 a5 8. b3 O-O 9. Be2 d6 10. O-O Nbd7 11. Bb2 Ne4 12. Qc2 f5 13. d5 e5 14. Nd2 c6 15. Nxe4 fxe4 16. Qxe4 cxd5 17. cxd5 Nf6 18. Qa4 Bxd5 19. Rad1 Kh8 20. e4 Bxe4 21. Bxe5 d5 22. Bb5 Rc8 23. f3 Bg6 24. Rd2 Be8 25. Bxf6 Rxf6 26. Bxe8 Qxe8 27. Qxe8+ Rxe8 28. Rxd5 h6 29. Rfd1 Kh7 30. Rd6 Re3 31. Rxf6 gxf6 32. Rd6 Rxb3 33. Rxf6 b5 34. Rb6 Rb2 35. a4 b4 36. h4 Ra2 37. g4 Rxa4 38. f4 b3 39. Rxb3 Rxf4 40. Rb7+ Kg8 1/2-1/2

[Event "GER-ch 92nd"]
[Site "Magdeburg"]
[Date "2021.07.25"]
[Round "1"]
[White "Kolb, Tobias"]
[Black "Svane, Frederik"]
[Result "1/2-1/2"]
[WhiteElo "2307"]
[BlackElo "2438"]
[EventDate "2021.07.25"]
[PlyCount "223"]

1. d4 Nf6 2. c4 e6 3. Nc3 Bb4 4. e3 O-O 5. Bd2 c5 6. a3 Bxc3 7. Bxc3 Ne4 8. Rc1 b6 9. Bd3 Nxc3 10. Rxc3 Bb7 11. Nf3 d6 12. O-O Nd7 13. Bc2 Nf6 14. Qe2 Ne4 15. Bxe4 Bxe4 16. Rd1 Qf6 17. Rcc1 Rfd8 18. Rd2 Rac8 19. Rcd1 d5 20. dxc5 bxc5 21. cxd5 exd5 22. Ne1 Qg5 23. f3 Bg6 24. f4 Qe7 25. Rxd5 Rxd5 26. Rxd5 f6 27. Qd2 Be8 28. Rd6 a5 29. Nf3 a4 30. Nh4 Qe4 31. Qd5+ Qxd5 32. Rxd5 g6 33. Rd2 Kf7 34. Nf3 Ke6 35. e4 Bc6 36. e5 Bxf3 37. Rd6+ Ke7 38. gxf3 fxe5 39. fxe5 Rb8 40. Ra6 Rxb2 41. Rxa4 Ke6 42. f4 Kd5 43. Ra8 c4 44. Rc8 Ra2 45. e6 Re2 46. Rd8+ Kc5 47. Re8 Kd6 48. Rd8+ Ke7 49. Rc8 Re4 50. Rc6 Rxf4 51. a4 h5 52. a5 Rf5 53. a6 Ra5 54. Kg2 Ra3 55. h4 c3 56. Kg3 Kf6 57. Kf4 Ra4+ 58. Kg3 c2 59. Rxc2 Ra3+ 60. Kg2 Rxa6 61. Rf2+ Kxe6 62. Kg3 Ra4 63. Re2+ Kf5 64. Rf2+ Ke5 65. Re2+ Re4 66. Ra2 Re3+ 67. Kg2 Kf5 68. Ra5+ Re5 69. Ra6 Re6 70. Ra4 Re4 71. Ra5+ Kf4 72. Ra6 Kf5 73. Ra5+ Re5 74. Ra6 Rb5 75. Kg3 Rb3+ 76. Kg2 Rb4 77. Ra5+ Kf6 78. Ra6+ Kf5 79. Ra5+ Kf4 80. Ra6 Rb2+ 81. Kh3 Rb3+ 82. Kh2 Kf5 83. Ra5+ Kf6 84. Ra6+ Kg7 85. Ra7+ Kh6 86. Kg2 Rb8 87. Kg3 Rg8 88. Kh3 Rg7 89. Ra5 Rd7 90. Ra6 Kg7 91. Rb6 Rd3+ 92. Kh2 Rd4 93. Kh3 Rg4 94. Ra6 Rf4 95. Rb6 Kf7 96. Ra6 Rf6 97. Ra7+ Ke6 98. Ra5 Rf3+ 99. Kg2 Rd3 100. Kh2 Rd5 101. Ra6+ Kf5 102. Kg3 Rd1 103. Ra5+ Ke4 104. Ra6 Rg1+ 105. Kh2 Rg4 106. Kh3 g5 107. hxg5 Rxg5 108. Kh4 Rg7 109. Kxh5 Rd7 110. Rg6 Rd5+ 111. Rg5 Rxg5+ 112. Kxg5 1/2-1/2

[Event "GER-ch 92nd"]
[Site "Magdeburg"]
[Date "2021.07.25"]
[Round "1"]
[White "Krastev, Alexander"]
[Black "Lampe, Dirk"]
[Result "1-0"]
[WhiteElo "2380"]
[BlackElo "2160"]
[EventDate "2021.07.25"]
[PlyCount "65"]

1. e4 c5 2. Nf3 g6 3. d4 cxd4 4. Qxd4 Nf6 5. e5 Nc6 6. Qa4 Nd5 7. Qe4 Nb6 8. Nc3 Bg7 9. Bf4 d5 10. exd6 Bf5 11. dxe7 Bxc3+ 12. bxc3 Bxe4 13. exd8=Q+ Rxd8 14. Bb5 O-O 15. O-O Nd5 16. Bd2 Nc7 17. Bxc6 Bxc6 18. Rfd1 Ne6 19. Ne5 f6 20. Nxc6 bxc6 21. Be3 a6 22. Kf1 Rd5 23. c4 Re5 24. Rd6 f5 25. Rxc6 Rd8 26. Re1 Re8 27. Rd1 f4 28. Bb6 g5 29. Rd5 Re4 30. f3 Nd8 31. Rxg5+ Kf7 32. Rf5+ Kg7 33. Rc7+ 1-0

[Event "GER-ch 92nd"]
[Site "Magdeburg"]
[Date "2021.07.25"]
[Round "1"]
[White "Kuhn, Patrick"]
[Black "Wachinger, Nikolas"]
[Result "0-1"]
[WhiteElo "2073"]
[BlackElo "2355"]
[EventDate "2021.07.25"]
[PlyCount "60"]

1. c4 e5 2. Nc3 Nc6 3. g3 Bc5 4. e3 a6 5. Nge2 Ba7 6. d4 d6 7. Bg2 exd4 8. Nxd4 Nxd4 9. exd4 Ne7 10. O-O O-O 11. b3 Rb8 12. a4 Re8 13. Bb2 Bf5 14. Qd2 Qd7 15. Rfe1 Bh3 16. Bh1 c6 17. Ne4 h6 18. d5 Nf5 19. Qf4 cxd5 20. cxd5 Rbc8 21. Re2 Nd4 22. Nf6+ gxf6 23. Rxe8+ Qxe8 24. Bxd4 Bxd4 25. Qxd4 Qe5 26. Qd1 Rc3 27. b4 Rd3 28. Qc1 Rd2 29. b5 Qd4 30. Qe1 Re2 0-1

[Event "GER-ch 92nd"]
[Site "Magdeburg"]
[Date "2021.07.25"]
[Round "1"]
[White "Neyman, Igor"]
[Black "Stern, Rene"]
[Result "1/2-1/2"]
[WhiteElo "2325"]
[BlackElo "2517"]
[EventDate "2021.07.25"]
[PlyCount "112"]

1. c4 e6 2. Nf3 d5 3. d4 a6 4. cxd5 exd5 5. Nc3 c6 6. Bf4 Bd6 7. Bxd6 Qxd6 8. Qc2 Ne7 9. e3 Bf5 10. Bd3 Bxd3 11. Qxd3 Nd7 12. O-O O-O 13. Rab1 Rfe8 14. Rfc1 Nc8 15. Na4 Qe7 16. Nc5 Nd6 17. b3 Nf8 18. Ne5 f6 19. Nf3 g5 20. Re1 Ng6 21. Qd1 g4 22. Nd2 f5 23. Nd3 Kh8 24. a4 Qg7 25. f4 gxf3 26. Nxf3 Ne4 27. Rc1 Rg8 28. Re2 Raf8 29. Nfe5 Nxe5 30. dxe5 Re8 31. Qf1 Rgf8 32. Qf4 Ng5 33. Kh1 Nf7 34. Rf1 Nxe5 35. Nxe5 Qxe5 36. g3 Qxf4 37. Rxf4 Re4 38. Kg2 Kg7 39. Kf3 Kg6 40. h3 Rfe8 41. b4 R8e6 42. Rxe4 fxe4+ 43. Kf4 Kf6 44. g4 h6 45. h4 Re7 46. Rh2 Rf7 47. g5+ Kg6+ 48. Ke5 Rf1 49. b5 axb5 50. axb5 hxg5 51. hxg5 Kxg5 52. Rg2+ Kh4 53. Rg7 Rb1 54. Rxb7 cxb5 55. Kxd5 Rb4 56. Re7 Kg5 1/2-1/2

[Event "GER-ch 92nd"]
[Site "Magdeburg"]
[Date "2021.07.25"]
[Round "1"]
[White "Pajeken, Jakob Leon"]
[Black "Kunin, Vitaly L"]
[Result "1-0"]
[WhiteElo "2328"]
[BlackElo "2567"]
[EventDate "2021.07.25"]
[PlyCount "81"]

1. d4 d6 2. Nf3 g6 3. g3 Bg7 4. Bg2 Nd7 5. O-O e5 6. dxe5 dxe5 7. Nc3 Ngf6 8. a4 O-O 9. Nd2 Nc5 10. b3 Bf5 11. Ba3 b6 12. Bxc5 bxc5 13. Bxa8 Qxa8 14. e4 Bh3 15. Re1 h5 16. f3 c6 17. Nc4 Nh7 18. Qd2 f5 19. exf5 Rxf5 20. Ne4 Rxf3 21. Rad1 Rf8 22. Ne3 Bh6 23. Qd6 Qe8 24. Qxc5 Ng5 25. Nxg5 Bxg5 26. Ng2 Bf6 27. Rd6 Be7 28. Qxe5 Qf7 29. Rd2 Bf6 30. Qc5 Kh7 31. Nf4 Bg4 32. h3 Bc8 33. Rf1 Bg7 34. Rdf2 Qd7 35. Ne6 Qxe6 36. Rxf8 Qxh3 37. Qe3 c5 38. R8f7 Be6 39. Qe5 Qxf1+ 40. Kxf1 Bxf7 41. Qxc5 1-0

[Event "GER-ch 92nd"]
[Site "Magdeburg"]
[Date "2021.07.25"]
[Round "1"]
[White "Poetsch, Hagen"]
[Black "Fromm, Marius"]
[Result "0-1"]
[WhiteElo "2525"]
[BlackElo "2326"]
[EventDate "2021.07.25"]
[PlyCount "80"]

1. e4 c5 2. Nf3 d6 3. d4 cxd4 4. Nxd4 Nf6 5. Nc3 a6 6. Bg5 e6 7. f4 Be7 8. Qf3 Qc7 9. O-O-O Nbd7 10. g4 b5 11. Bxf6 Nxf6 12. Bg2 Bb7 13. g5 Nd7 14. a3 O-O 15. h4 Nc5 16. h5 a5 17. g6 b4 18. h6 fxg6 19. hxg7 Kxg7 20. Na4 Bc8 21. Qh3 h5 22. Nxc5 Qxc5 23. e5 d5 24. a4 Rxf4 25. Qd3 Bd7 26. Bh3 Rxd4 27. Qxd4 Qxd4 28. Rxd4 Rf8 29. c4 bxc3 30. bxc3 Rf2 31. Rxd5 Ba3+ 32. Kb1 exd5 33. Bxd7 Rb2+ 34. Ka1 Re2 35. e6 Bb2+ 36. Ka2 Bxc3+ 37. Kb3 Bf6 38. Rd1 Re3+ 39. Kc2 d4 40. Rb1 h4 0-1

[Event "GER-ch 92nd"]
[Site "Magdeburg"]
[Date "2021.07.25"]
[Round "1"]
[White "Rosner, Jonas"]
[Black "Gutkin, Ilya"]
[Result "1-0"]
[WhiteElo "2434"]
[BlackElo "2304"]
[EventDate "2021.07.25"]
[PlyCount "97"]

1. c4 c5 2. Nf3 Nc6 3. e3 Nf6 4. Nc3 d5 5. cxd5 Nxd5 6. Bb5 e6 7. Ne5 Qd6 8. Nxc6 bxc6 9. Be2 Nb4 10. O-O Nd3 11. Qc2 Ba6 12. Qa4 Bb7 13. b3 Nxc1 14. Raxc1 f5 15. Rfd1 Be7 16. Qc4 a5 17. Bf3 Kf7 18. Na4 Rhb8 19. Nxc5 Qxc5 20. Qxc5 Bxc5 21. Rxc5 a4 22. b4 a3 23. Rb1 Ra6 24. Rb3 Rb6 25. h4 Ra8 26. d4 Kf6 27. Kh2 Ra4 28. Rcc3 Rbxb4 29. Rxb4 Rxb4 30. Rxa3 e5 31. Rb3 Rxb3 32. axb3 e4 33. Be2 h6 34. g4 g5 35. Kg3 Bc8 36. b4 Be6 37. gxf5 Bf7 38. f4 Kxf5 39. Bg4+ Kf6 40. Bd7 Bd5 41. hxg5+ hxg5 42. Kg4 gxf4 43. Kxf4 Ke7 44. Bf5 Kd6 45. Bxe4 Bb3 46. Bf3 Ba2 47. Kf5 Bb3 48. Kf6 Kd7 49. e4 1-0

[Event "GER-ch 92nd"]
[Site "Magdeburg"]
[Date "2021.07.25"]
[Round "1"]
[White "Schulte, Felix"]
[Black "Stork, Oliver"]
[Result "1-0"]
[WhiteElo "2162"]
[BlackElo "2394"]
[EventDate "2021.07.25"]
[PlyCount "101"]

1. d4 Nf6 2. c4 g6 3. f3 Nc6 4. d5 Ne5 5. e4 d6 6. Nc3 Bg7 7. Be3 e6 8. Nge2 O-O 9. Nd4 a6 10. dxe6 fxe6 11. Be2 c5 12. Nc2 Qe7 13. f4 Nc6 14. O-O b6 15. Bf3 Bb7 16. Qe2 Nb4 17. Bf2 Nd7 18. Rad1 e5 19. Nxb4 cxb4 20. Nd5 Bxd5 21. Rxd5 exf4 22. Qd2 a5 23. Rxd6 Nc5 24. Qd5+ Kh8 25. Rxb6 Na4 26. Rb7 Qe5 27. Qd7 Nxb2 28. Qxg7+ Qxg7 29. Rxg7 Kxg7 30. Bd4+ Kh6 31. Bxb2 Rac8 32. Rc1 Rfd8 33. Be5 g5 34. Rc2 a4 35. Bf6 Rd3 36. Be2 Ra3 37. Be7 b3 38. Bxa3 bxc2 39. Bd3 g4 40. Bc1 Kg6 41. Bxf4 Kf6 42. Kf1 h5 43. Ke2 Rb8 44. Bc1 Ke5 45. Bxc2 Kd4 46. Bxa4 Kxe4 47. Bb5 h4 48. a4 h3 49. g3 Kd4 50. Be3+ Kc3 51. a5 1-0

[Event "GER-ch 92nd"]
[Site "Magdeburg"]
[Date "2021.07.25"]
[Round "1"]
[White "Schulz, Karsten"]
[Black "Muckle, Julius"]
[Result "1-0"]
[WhiteElo "2302"]
[BlackElo "2423"]
[EventDate "2021.07.25"]
[PlyCount "99"]

1. Nf3 d5 2. g3 Nf6 3. Bg2 c6 4. O-O Bf5 5. d3 e6 6. c4 Nbd7 7. cxd5 exd5 8. Nc3 Be7 9. e4 dxe4 10. dxe4 Nxe4 11. Nd4 Nxc3 12. bxc3 Bg6 13. Re1 O-O 14. Bxc6 Qc8 15. Rxe7 bxc6 16. Qf3 c5 17. Nc6 Nf6 18. Re5 Kh8 19. Ne7 Qh3 20. Nxg6+ fxg6 21. Qg2 Qd7 22. Be3 c4 23. Bd4 Rae8 24. Ra5 h5 25. Rxa7 Qe6 26. h3 Re7 27. Rxe7 Qxe7 28. h4 Ne8 29. Qc6 Kh7 30. Qxc4 Rf5 31. a4 Nd6 32. Qd3 Qc7 33. Re1 Qd7 34. Be5 Qa7 35. Qd4 Qxd4 36. cxd4 Nc4 37. Ra1 Nxe5 38. dxe5 Rxe5 39. a5 Re8 40. a6 Kg8 41. a7 Ra8 42. Kg2 Kf7 43. Kf3 g5 44. hxg5 Kg6 45. Ra5 h4 46. gxh4 Kh5 47. Kg3 g6 48. Kf4 Kxh4 49. Ke4 Kg4 50. Kd5 1-0

[Event "GER-ch 92nd"]
[Site "Magdeburg"]
[Date "2021.07.26"]
[Round "2"]
[White "Belezky, Alexander"]
[Black "Koelle, Tobias"]
[Result "0-1"]
[WhiteElo "2377"]
[BlackElo "2312"]
[EventDate "2021.07.25"]
[PlyCount "148"]

1. Nf3 d5 2. g3 Bg4 3. Ne5 Bh5 4. g4 f6 5. gxh5 fxe5 6. d4 exd4 7. Qxd4 Nc6 8. Qh4 Qd6 9. Bh3 Qb4+ 10. Qxb4 Nxb4 11. Na3 e5 12. c3 Na6 13. Nc2 Nf6 14. Ne3 Rd8 15. Ng4 Nxg4 16. Bxg4 Be7 17. h6 g6 18. h4 Nc5 19. f3 Rf8 20. Bd2 e4 21. h5 g5 22. Be3 exf3 23. Bxf3 Nd3+ 24. exd3 Rxf3 25. Ke2 Rf5 26. Bd4 Rd6 27. Raf1 Rxf1 28. Kxf1 Rxh6 29. Kg2 Re6 30. Kf3 c5 31. Bf2 Kf7 32. Bg3 Bd6 33. Bxd6 Rxd6 34. Kg4 h6 35. Kf5 Re6 36. b4 cxb4 37. cxb4 Rb6 38. Rc1 Rc6 39. Rd1 Rc2 40. Ke5 Rh2 41. Rc1 Rxh5 42. Rc7+ Kg6 43. Rxb7 g4+ 44. Kf4 Rg5 45. Rb8 Kh5 46. Kg3 Rf5 47. Rb7 Rf3+ 48. Kg2 Rxd3 49. Rxa7 Kh4 50. b5 Rd2+ 51. Kf1 Rb2 52. Rh7 h5 53. a4 Rb4 54. Rd7 Rxa4 55. Rxd5 Ra2 56. Re5 Rb2 57. Rc5 g3 58. b6 Rxb6 59. Kg2 Rb2+ 60. Kg1 Kg4 61. Ra5 h4 62. Ra4+ Kh3 63. Ra1 Rg2+ 64. Kh1 Rf2 65. Kg1 Rf3 66. Ra4 Rc3 67. Ra1 Rc4 68. Rb1 Kg4 69. Ra1 h3 70. Kh1 Rf4 71. Rg1 Rf1 72. Rxf1 g2+ 73. Kg1 Kg3 74. Rf2 h2# 0-1

[Event "GER-ch 92nd"]
[Site "Magdeburg"]
[Date "2021.07.26"]
[Round "2"]
[White "Dobrikov, Marco"]
[Black "Rosner, Jonas"]
[Result "0-1"]
[WhiteElo "2311"]
[BlackElo "2434"]
[EventDate "2021.07.25"]
[PlyCount "68"]

1. e4 c6 2. Nf3 d5 3. Nc3 dxe4 4. Nxe4 Nf6 5. Qe2 Nxe4 6. Qxe4 Qa5 7. Qf4 Qf5 8. Qe3 Qe6 9. b3 Qxe3+ 10. fxe3 a5 11. Bb2 a4 12. Be2 Bg4 13. Rf1 f6 14. Nd4 Bxe2 15. Kxe2 Nd7 16. c4 e5 17. Nf5 g6 18. Ng3 Be7 19. d4 exd4 20. exd4 O-O 21. Ne4 Rfe8 22. Kd3 f5 23. Nc3 a3 24. Bc1 Bf6 25. Bf4 Rad8 26. Rae1 Nc5+ 27. Kc2 Bxd4 28. Rxe8+ Rxe8 29. Rd1 Bxc3 30. Kxc3 Re2 31. Kb4 Ne6 32. Bg3 Rxa2 33. Rd7 f4 34. Bh4 Rxg2 0-1

[Event "GER-ch 92nd"]
[Site "Magdeburg"]
[Date "2021.07.26"]
[Round "2"]
[White "Ehmann, Thilo"]
[Black "Schulte, Felix"]
[Result "1/2-1/2"]
[WhiteElo "2342"]
[BlackElo "2162"]
[EventDate "2021.07.25"]
[PlyCount "90"]

1. e4 c6 2. d4 g6 3. h3 d5 4. Nc3 Bg7 5. Nf3 Nf6 6. Bd3 dxe4 7. Nxe4 Nxe4 8. Bxe4 Nd7 9. O-O O-O 10. Bg5 Qb6 11. Qc1 e5 12. c3 exd4 13. cxd4 Nf6 14. Bc2 Re8 15. Rd1 Be6 16. b3 Nd5 17. Bd3 a5 18. Bc4 Qb4 19. a3 Qd6 20. Bh4 Qf4 21. Qxf4 Nxf4 22. Bg3 Bxc4 23. bxc4 Ne2+ 24. Kf1 Nxg3+ 25. fxg3 c5 26. Rab1 cxd4 27. Rxb7 Rac8 28. Rb5 Rxc4 29. Rxa5 Rd8 30. Rb5 Rc3 31. a4 Ra3 32. a5 d3 33. a6 Rxa6 34. Rb3 Rad6 35. Ne1 d2 36. Nf3 Bh6 37. g4 Bf4 38. Rb4 Bg3 39. Rb2 Bf4 40. Rb4 Bg3 41. Rb2 Bf4 42. Rb4 g5 43. Rc4 Rd3 44. Kf2 h6 45. Rc2 Be3+ 1/2-1/2

[Event "GER-ch 92nd"]
[Site "Magdeburg"]
[Date "2021.07.26"]
[Round "2"]
[White "Fromm, Marius"]
[Black "Feuerstack, Aljoscha"]
[Result "1-0"]
[WhiteElo "2326"]
[BlackElo "2473"]
[EventDate "2021.07.25"]
[PlyCount "103"]

1. e4 c6 2. d4 d5 3. exd5 cxd5 4. Bd3 Nc6 5. c3 Nf6 6. h3 e5 7. dxe5 Nxe5 8. Nf3 Nxd3+ 9. Qxd3 Bd6 10. O-O O-O 11. Be3 Re8 12. Nbd2 Ne4 13. Rad1 Bf5 14. Qb5 a6 15. Qxb7 Rb8 16. Qxa6 Rxb2 17. Nxe4 Bxe4 18. Rd2 Rb8 19. Ng5 Qf6 20. Qa7 Bg6 21. Rxd5 h6 22. Qd4 Qxd4 23. Bxd4 Rbd8 24. Nf3 Bh2+ 25. Kxh2 Rxd5 26. Ra1 Ra5 27. a3 f6 28. Nd2 Bf7 29. h4 Rea8 30. Rb1 Rxa3 31. Rb7 Re8 32. Nf1 Re4 33. Rb8+ Kh7 34. g3 Re2 35. g4 Be6 36. Kg3 h5 37. g5 fxg5 38. hxg5 Re4 39. Ne3 Ra2 40. Rb7 h4+ 41. Kf3 Rxd4 42. cxd4 Ra5 43. Rb6 Bc8 44. d5 Ra1 45. Rc6 Bb7 46. Rc7 Rb1 47. Kg4 Rb4+ 48. f4 Ba6 49. g6+ Kg8 50. d6 Kf8 51. Nf5 Re4 52. d7 1-0

[Event "GER-ch 92nd"]
[Site "Magdeburg"]
[Date "2021.07.26"]
[Round "2"]
[White "Gutkin, Ilya"]
[Black "Enders, Peter"]
[Result "0-1"]
[WhiteElo "2304"]
[BlackElo "2447"]
[EventDate "2021.07.25"]
[PlyCount "66"]

1. Nf3 Nf6 2. g3 g6 3. b3 Bg7 4. Bb2 O-O 5. Bg2 c5 6. c4 Nc6 7. O-O d6 8. d4 cxd4 9. Nxd4 Nxd4 10. Qxd4 a6 11. Rd1 Rb8 12. c5 Be6 13. Qh4 Rc8 14. cxd6 Rc2 15. Bd4 Qxd6 16. Nc3 Qc7 17. Ne4 Rxe2 18. Nxf6+ exf6 19. Bf3 Rc2 20. Be4 Rd8 21. Bxc2 Qxc2 22. Rdc1 Qf5 23. Bb6 Rd6 24. Bc7 Rd7 25. Qf4 Qd5 26. Bb6 h5 27. Re1 Kh7 28. f3 f5 29. Rab1 Bh6 30. Qa4 Qxf3 31. Rb2 Bd5 32. Ree2 Bc6 33. Qb4 Rd1+ 0-1

[Event "GER-ch 92nd"]
[Site "Magdeburg"]
[Date "2021.07.26"]
[Round "2"]
[White "Krassowizkij, Jaroslaw"]
[Black "Kolb, Tobias"]
[Result "1-0"]
[WhiteElo "2448"]
[BlackElo "2307"]
[EventDate "2021.07.25"]
[PlyCount "47"]

1. e4 c6 2. Nf3 d5 3. d3 Bg4 4. h3 Bh5 5. g4 Bg6 6. Qe2 e6 7. h4 h6 8. h5 Bh7 9. g5 dxe4 10. dxe4 hxg5 11. Nxg5 Nd7 12. f4 Ngf6 13. Nc3 Qb6 14. Rh3 Bg8 15. Bd2 Qxb2 16. Rb1 Qxc2 17. Rc1 Qb2 18. e5 Nd5 19. Nxd5 exd5 20. Rb3 Qxa2 21. Rxb7 Nc5 22. e6 fxe6 23. Nxe6 Nxe6 24. Rxc6 1-0